000
00220nam a22000857a 4500
999
_c
5705
_d
5705
008
170125b xxu||||| |||| 00| 0 eng d
020
_a
9788172163105
100
_9
2579
_a
Uppal.A.K
245
_a
Physical Educatina and Health
260
_a
New Delhi
_b
FP
_c
2010